Οδηγός εφαρμογής : οδηγίες για την αξιολόγηση της αναπηρίας και της λειτουργικότητας σύμφωνα με την ταξινόμηση του ΠΟΥ ICF

Αποθηκεύτηκε σε:
Λεπτομέρειες βιβλιογραφικής εγγραφής
Άλλοι συγγραφείς: Τριανταφύλλου, Ευστάθιος (Επιμελητής έκδοσης)
Μορφή: Βιβλίο
Γλώσσα:Greek
Δημοσίευση: Αθήνα : Ινστιτούτο Κοινωνικής Προστασίας και Αλληλεγγύης, Βήτα ιατρικές εκδόσεις, 2007
Θέματα:
Ετικέτες: Προσθήκη ετικέτας
Δεν υπάρχουν, Καταχωρήστε ετικέτα πρώτοι!

MARC

LEADER 00000cam a2200000 i 4500
001 1/62598
008 071112s2007 gre d
020 |a 978-960-452-022-0 
035 |l 10092226 
040 |a GR-MY-UA  |b gre  |e aacr 
041 0 |a gre 
082 0 |a 612  |2 (22) 
245 1 0 |a Οδηγός εφαρμογής :  |b οδηγίες για την αξιολόγηση της αναπηρίας και της λειτουργικότητας σύμφωνα με την ταξινόμηση του ΠΟΥ ICF /  |c επιμέλεια έκδοσης: Ευστάθιος Τριανταφύλλου ; συγγραφείς: Ε. Τριανταφύλλου... [κ.ά.] 
260 |a Αθήνα :   |b Ινστιτούτο Κοινωνικής Προστασίας και Αλληλεγγύης,   |b Βήτα ιατρικές εκδόσεις,   |c 2007 
300 |a xvi, 584σ.;  |b πίν. ;  |c 24 εκ.  
650 0 0 |a Human physiology  |x Classification. 
650 0 0 |a Human anatomy  |x Classification. 
650 0 0 |a Disability evaluation  |x Handbooks, manuals, etc. 
700 1 |a Τριανταφύλλου, Ευστάθιος.  |4 edt 
852 |a INST  |b LESVOS  |e 20071112  |h 612 ΟΔΗ  |p 005100037551  |q 005100037551  |t BK  |y 0 
901 |a BIBL1-2007-3 
970 |a ΧΑΤΖΗΜΙΧΑΗΛ  |b ΜΑΡΙΑ  |z 2007/11/12